| 000 | 00920cam a2200277 i 4500 | ||
|---|---|---|---|
| 001 | 25460 | ||
| 003 | Mx-PuUPA | ||
| 005 | 20260218093402.0 | ||
| 008 | 140415s2003 enk gr 001 0 eng d | ||
| 020 |
_a9780745629872 _qrústica |
||
| 040 |
_aMx-PuUPA _bspa _cMx-PuUPA _dMx-PuUPA _erda |
||
| 041 | 0 | _aeng | |
| 100 | 1 |
_aHabermas, Jürgen, _d1929- _93329 _eautor |
|
| 245 | 1 | 4 |
_aThe future of human nature / _cJürgen Habermas |
| 264 | 1 |
_aCambridge, UK : _bPolity Press, _c2003 |
|
| 300 |
_aviii, 127 páginas ; _c22 cm |
||
| 336 |
_2rdacontent _atexto _btxt |
||
| 337 |
_2rdamedia _asin medio _bn |
||
| 338 |
_2rdacarrier _avolumen _bnc |
||
| 500 | _aReimpresiones: (2003, 2004, 2005 (twice), 2006, 2007 (twice), 2008. | ||
| 650 | 7 |
_2armarc _913986 _aÉtica |
|
| 650 | 7 |
_2armarc _aEugenesia _xAspectos morales y éticos |
|
| 942 |
_2ddc _cLI _h179.7 _iH53 |
||
| 999 |
_c25460 _d25460 |
||